000 00664nam a2200169Ia 4500
003 GCL
008 140319s9999 xx 000 0 ara d
040 _aGCL /
_cGCL
082 0 4 _a320.9174927
_bث د
100 1 _aثناء فؤاد عبدالله
245 1 0 _aالدولة والقوى الاجتماعية فى الوطن العربى :
_bعلاقات التفاعل والصراع /
_cثناء فؤاد عبدالله
260 _aبيروت :
_bمركز دراسات الوحدة العربية
300 _a420 ص ؛
_c24 سم
650 0 4 _aالبلدان العربية
650 0 4 _aالديمقراطية - العالم العربى
942 _2ddc
_cBK
999 _c5855
_d5855